Faiz Banaam Iftikhar Arif فیض بنام افتخار عارف / (Record no. 590783)
[ view plain ]
| 000 -LEADER | |
|---|---|
| fixed length control field | 00379nam a22001217a 4500 |
| 082 ## - DEWEY DECIMAL CLASSIFICATION NUMBER | |
| Classification number | 801.956 RAS |
| 100 ## - MAIN ENTRY--PERSONAL NAME | |
| Personal name | Hameed, Rashid افتخار عارف. |
| 245 ## - TITLE STATEMENT | |
| Title | Faiz Banaam Iftikhar Arif فیض بنام افتخار عارف / |
| Statement of responsibility, etc. | Edited by Rashid Hameed |
| 260 ## - PUBLICATION, DISTRIBUTION, ETC. | |
| Place of publication, distribution, etc. | Lahore: |
| Name of publisher, distributor, etc. | Sang-e-meel Publications, |
| Date of publication, distribution, etc. | 2011. |
| 300 ## - PHYSICAL DESCRIPTION | |
| Extent | 239p. |
| 563 ## - BINDING INFORMATION | |
| Binding note | HB |
| 942 ## - ADDED ENTRY ELEMENTS (KOHA) | |
| Source of classification or shelving scheme | |
| Koha item type | Book |
| Withdrawn status | Lost status | Source of classification or shelving scheme | Damaged status | Not for loan | Permanent Location | Current Location | Shelving location | Date acquired | Source of acquisition | Shelving control number | Total Checkouts | Full call number | Barcode | Date last seen | Price effective from | Koha item type |
|---|---|---|---|---|---|---|---|---|---|---|---|---|---|---|---|---|
| Central Library (CL) | Central Library (CL) | Urdu Literature | 08/04/2022 | Received from Rector Secretariat | Urdu Literature | 801.956 RAS | CL-D-1833 | 08/05/2022 | 08/05/2022 | Book |
